| 000 | 00867nam a22002177a 4500 | ||
|---|---|---|---|
| 999 |
_c5565 _d5565 |
||
| 003 | AR-CdUCM | ||
| 008 | 190312b ||||| |||| 00| 0 spa d | ||
| 040 |
_aMUNICIPALIDAD PROVINCIAL DEL CUSCO _cBIBLIOTECA MUNICIPAL DEL CUSCO |
||
| 082 |
_24ed. _a338.182 / _bF84 |
||
| 100 |
_aFrondizi, Arturo _916669 |
||
| 245 | _aIndustria Argentina y desarrollo nacional / | ||
| 260 |
_aBuenos Aires : _bQué, _c1957. |
||
| 300 |
_a115 paginas ; _c18 cm. |
||
| 505 | _aLas dos perspectivas económicas -- El signo de nuestro pasado económico -- La interdependencia del agro y la industria -- Agro, industria y renta nacional -- Los argumentos contra la industrialización ... | ||
| 650 |
_aIndustria Argentina _916670 |
||
| 650 |
_aPerspectiva económica _916671 |
||
| 650 |
_aDesarrollo nacional _916672 |
||
| 650 |
_aAgricultura _9320 |
||
| 942 |
_2ddc _cLIBROS |
||
| 945 | _aacv | ||